Modelovanie exportných a importných vzťahov SR v rámci EÚ diplomová práca

Guardado en:
Detalles Bibliográficos
Autor principal: Petríková, Mária
Autor Corporativo: Fakulta hospodárskej informatiky EU. Katedra operačného výskumu a ekonometrie
Otros Autores: Goga, Marián
Formato: Libro
Lenguaje:eslovaco
Publicado: Bratislava 2014
Etiquetas: Agregar Etiqueta
Sin Etiquetas, Sea el primero en etiquetar este registro!

MARC

LEADER 00000nbm a2200000 4500
001 0188535
005 20170201104003.6
041 0 |a slo 
044 |a SK 
245 1 0 |a Modelovanie exportných a importných vzťahov SR v rámci EÚ  |b diplomová práca  |c Mária Petríková ; školiteľ: Marián Goga 
264 1 |a Bratislava  |c 2014 
300 |a 66 s. 
100 1 |a Petríková, Mária 
700 1 |a Goga, Marián 
710 2 |a Fakulta hospodárskej informatiky EU. Katedra operačného výskumu a ekonometrie